La vida o el capital : alternativas a la dictadura global de la propiedad /
Gorde:
| Egile nagusia: | |
|---|---|
| Formatua: | Ezezaguna |
| Hizkuntza: | Spanish |
| Argitaratua: |
San José, Costa Rica :
Departamento Ecuménico de Investigaciones (DEI),
c2003.
|
| Gaiak: | |
| Etiketak: |
Etiketa erantsi
Etiketarik gabe, Izan zaitez lehena erregistro honi etiketa jartzen!
|
MARC
| LEADER | 000000000a22000000004500 | ||
|---|---|---|---|
| 001 | 014828 | ||
| 020 | |a 9977831408 | ||
| 041 | 0 | |a spa | |
| 082 | 0 | 4 | |a 330.122 |b D843v |
| 100 | 1 | |a Duchrow, Ulrich | |
| 245 | 1 | 3 | |a La vida o el capital : |b alternativas a la dictadura global de la propiedad / |c Ulrich Duchrow. |
| 260 | 1 | |a San José, Costa Rica : |b Departamento Ecuménico de Investigaciones (DEI), |c c2003. | |
| 300 | |a 268 páginas ; |c 21 cm. | ||
| 650 | 4 | |a CAPITALISMO | |
| 650 | 4 | |a ASPECTOS RELIGIOSOS | |
| 650 | 4 | |a ASPECTOS SOCIALES | |
| 650 | 4 | |a COMPETENCIA ECONOMICA | |
| 650 | 4 | |a DERECHO DE PROPIEDAD | |
| 650 | 4 | |a GLOBALIZACION | |
| 500 | |a Colección George Yúdice | ||
| 999 | |c 20696 |d 20696 | ||
| 942 | |c BK |h 330.122 D843v |2 z | ||



